Spĺňajú letiská naozaj kritériá prirodzených monopolov ?
Konkurencia na trhu leteckej dopravy. Prirodzený monopol a teoretické princípy jeho ekonomickej regulácie. Regulovanie prirodzených monopolov v oblasti verejných služieb.
Saved in:
| Main Author: | |
|---|---|
| Other Authors: | |
| Format: | Book Chapter |
| Language: | Slovak |
| Subjects: | |
| Tags: |
No Tags, Be the first to tag this record!
|
MARC
| LEADER | 00000naa$a2200000$$$4500 | ||
|---|---|---|---|
| 001 | 0091347 | ||
| 005 | 20230825090221.5 | ||
| 041 | 0 | |a slo | |
| 044 | |a SK | ||
| 245 | 1 | 0 | |a Spĺňajú letiská naozaj kritériá prirodzených monopolov ? |c Alena Sedláčková, Andrej Novák |
| 520 | |a Konkurencia na trhu leteckej dopravy. Prirodzený monopol a teoretické princípy jeho ekonomickej regulácie. Regulovanie prirodzených monopolov v oblasti verejných služieb. | ||
| 610 | 2 | 0 | |a letiská |
| 610 | 2 | 0 | |a spoločnosti letecké |
| 610 | 2 | 0 | |a monopoly prirodzené |
| 610 | 2 | 0 | |a regulácia trhu |
| 610 | 2 | 0 | |a modely |
| 100 | 1 | |a Sedláčková, Alena | |
| 700 | 1 | |a Novák, Andrej | |